Noticia de las obras del Doctor Francisco Díaz, celebre médico español del siglo XVI / (Record no. 165887)

MARC details
000 -LEADER
campo de control de longitud fija 00718nam a2200193 i 4500
001 - NÚMERO DE CONTROL
campo de control 165887
003 - IDENTIFICADOR DE NÚMERO DE CONTROL
campo de control ES-MaACL
005 - FECHA Y HORA DE LA ÚLTIMA TRANSACCIÓN
campo de control 20251112162834.0
008 - DATOS DE LONGITUD FIJA--INFORMACIÓN GENERAL
campo de control de longitud fija 000119s1888 sp |||| | spa d
040 ## - FUENTE DE CATALOGACIÓN
Centro catalogador/agencia de origen CCPB | B
Lengua de catalogación spa
Centro/agencia transcriptor CCPB | B
100 1# - ENTRADA PRINCIPAL--NOMBRE DE PERSONA
Nombre de persona Suénder, Enrique (
Fechas asociadas al nombre 1829-1897)
9 (RLIN) 108728
245 10 - MENCIÓN DEL TÍTULO
Título Noticia de las obras del Doctor Francisco Díaz, celebre médico español del siglo XVI /
Mención de responsabilidad, etc. por el doctor Enrique Suénder.
260 ## - PUBLICACIÓN, DISTRIBUCIÓN, ETC.
Lugar de publicación, distribución, etc. Madrid :
Nombre del editor, distribuidor, etc. [s.n.],
Fecha de publicación, distribución, etc. 1888 (
Fabricante M. Ginesta, hermanos, impresores ...)
300 ## - DESCRIPCIÓN FÍSICA
Extensión 72, [3] p. ;
Dimensiones 23 cm.
500 ## - NOTA GENERAL
Nota general Tirada de cien ejemplares.
600 17 - PUNTO DE ACCESO ADICIONAL DE MATERIA--NOMBRE DE PERSONA
Nombre de persona Díaz, Francisco,
Fechas asociadas al nombre 1527?-1590
Fuente del encabezamiento o término
9 (RLIN) 156272
852 ## - LOCALIZACIÓN
Ubicación ES-MaACL
Número de control de estantería G-15419
Nota libre -- Enc. hol.
Holdings
Estatus retirado Estado de pérdida Estado de daño No para préstamo Colección Biblioteca de origen Biblioteca actual Ubicación en estantería Fecha de adquisición Fuente de adquisición Total de préstamos Signatura topográfica completa Código de barras Visto por última vez Precio de reemplazo Tipo de ítem Koha
        Libros del s. XIX Biblioteca del Ateneo de Madrid Biblioteca del Ateneo de Madrid Sala Pecera Planta 3 17/01/2008     G-15419 1173968 23/02/2023 23/02/2023 Libro impreso antiguo